00464 2200205 4500001002100000005001700021035002400038040001200062082000800074084001600082100001200098245003500110260002500145300002100170650001000191850001200201990001500213990001500228990001500243YOGYA00000000000383320170126110931.0 0010-081400000003551 aYOPDYOG a813 aK 813 Bay M aBaya, S aMereka yang di luar /cBaya, S aBandungbRosdac1985 a96 hlm ,c20 cm. aFiksi aYOPDYOG a38045.P/93 a38044.P/93 a38044.P/93